000 00638na a2200229 4500
001 24082
003 MIRAKIL
005 20181213155329.0
008 180321b tu 000 0
040 _aMilas
_btur
_cTR-AnCHP
041 _atur
082 _a956.2252
_bÇ25m 1993
090 _a956.2252 Ç25m 1993
100 _aÇam, Yusuf
245 _aMilli mücadelede İzmit sancağı
_cYusuf Çam
260 _aİzmit
_bİzmit Rotary Kulübü
_c1993
300 _a271 s.
_c23 sm.
504 _aKaynakça var.
650 _aTürkiye
_xTarih
_yKurtuluş Savaşı
651 _aİzmit
_xTarih
_yKurtuluş Savaşı
942 _2ddc
_cBKS
999 _c10630
_d10630